[Event "FISU World University-ch 2020"]
[Site "Online"]
[Date "2020.10.26"]
[Round "4.28"]
[White "Morera Campos, Heizel Maria"]
[Black "Gomez Marti, Fernando"]
[Result "1-0"]
[WhiteElo "1980"]
[BlackElo "1540"]
[Annotator "TA"]
[PlyCount "151"]
[EventDate "2020.10.26"]
[SourceTitle "playchess.com"]
[Source "ChessBase"]
[SourceQuality "1"]

1. e4 e6 2. Nf3 d5 3. Nc3 d4 4. Ne2 c5 5. c3 Nc6 6. cxd4 cxd4 7. Qa4 Bc5 8. b4 Bxb4 9. Nexd4 Qa5 10. Bb5 Qxa4 11. Bxa4 Bd7 12. Rb1 Bc5 13. Nxc6 Bxc6 14. Bxc6+ bxc6 15. d4 Bb6 16. O-O Nf6 17. Re1 O-O 18. Bg5 Nd7 19. Be7 Rfe8 20. Bd6 Rac8 21. h3 Bc7 22. Ba3 Rb8 23. Rbc1 Rb6 24. Rc2 Ra6 25. Bb4 Rb8 26. Bc3 h6 27. Nd2 Rab6 28. Ba5 R6b7 29. Bxc7 Rxc7 30. Rec1 Rb6 31. Nb3 Nf6 32. f3 Ra6 33. Nc5 Rb6 34. Nb3 Ra6 35. Nc5 Rb6 36. Nb3 Ra6 37. Kf2 Kf8 38. Ke3 Ke8 39. Nc5 Rb6 40. Nd3 Nd7 41. Nb2 Ra6 42. Nc4 Ke7 43. Nd2 Nf6 44. Nb3 Nd7 45. Nd2 g6 46. Rb2 Rb6 47. Nb3 a5 48. Rbc2 Ra6 49. Nd2 a4 50. Nc4 f5 51. Rc3 g5 52. g3 fxe4 53. fxe4 Nf6 54. g4 Kd7 55. Ne5+ Kd6 56. Nc4+ Kd7 57. Ne5+ Kd6 58. Nc4+ Kd7 59. Na3 Rb7 60. Nc4 Rc7 61. Ne5+ Kd6 62. Nd3 Ke7 63. Nc5 Ra5 64. Ra3 Rca7 65. Nd3 Kd7 66. Ne5+ Rxe5 67. dxe5 Ne8 68. Rd3+ Ke7 69. Rxc6 Nc7 70. Rb6 Ra5 71. Rb7 Rc5 72. Ra3 Kd7 73. Rxa4 Kc6 74. Rb3 Rxe5 75. Rc4+ Kd7 76. Rb7 1-0

[Event "FISU World University-ch 2020"]
[Site "Online"]
[Date "2020.10.26"]
[Round "4.28"]
[White "Alonso Prieto, Victor"]
[Black "Ramirez Madrid, Gerardo Alfonso"]
[Result "0-1"]
[WhiteElo "1551"]
[BlackElo "2029"]
[Annotator "TA"]
[PlyCount "120"]
[EventDate "2020.10.26"]
[SourceTitle "playchess.com"]
[Source "ChessBase"]
[SourceQuality "1"]

1. c4 Nf6 2. Nc3 e5 3. g3 d5 4. cxd5 Nxd5 5. Bg2 Nb6 6. e3 Be7 7. Nge2 Nc6 8. O-O O-O 9. h3 Nb4 10. d4 exd4 11. Nxd4 c6 12. a3 N4d5 13. Nxd5 Nxd5 14. Bd2 Bf6 15. Qc2 Re8 16. Rad1 Qb6 17. Bc1 Be6 18. Nxe6 Rxe6 19. Rfe1 Ree8 20. b4 Rad8 21. Bb2 Bxb2 22. Qxb2 Nf6 23. Qc2 Qa6 24. Qc1 Qb5 25. Rxd8 Rxd8 26. Rd1 Qb6 27. Rd2 Rxd2 28. Qxd2 Qc7 29. Qd3 Qd7 30. Qxd7 Nxd7 31. Kf1 Kf8 32. Ke2 Ke7 33. Kd2 Ne5 34. Kc3 Kd6 35. Be4 h6 36. f4 Nd7 37. g4 b6 38. h4 c5 39. Bf5 Nf6 40. g5 Nd5+ 41. Kd3 cxb4 42. axb4 Nxb4+ 43. Kc4 Nc6 44. gxh6 gxh6 45. Be4 a6 46. Bh1 b5+ 47. Kb3 a5 48. e4 Kc5 49. e5 Nd4+ 50. Kb2 b4 51. Be4 a4 52. f5 a3+ 53. Ka1 Kc4 54. e6 fxe6 55. fxe6 Nxe6 56. Bh7 Nd4 57. Bg8+ Kc3 58. Kb1 b3 59. Bd5 a2+ 60. Ka1 Nc2# 0-1

[Event "FISU World University-ch 2020"]
[Site "Online"]
[Date "2020.10.26"]
[Round "4.28"]
[White "Redondo Moran, Cesar"]
[Black "Carvajal Pena, Daniel"]
[Result "0-1"]
[WhiteElo "1422"]
[BlackElo "1929"]
[Annotator "TA"]
[PlyCount "138"]
[EventDate "2020.10.26"]
[SourceTitle "playchess.com"]
[Source "ChessBase"]
[SourceQuality "1"]

1. e4 c5 2. Nf3 g6 3. d4 Bg7 4. Be3 cxd4 5. Nxd4 Nc6 6. Nc3 Nf6 7. Qd2 O-O 8. f3 d5 9. Nxc6 bxc6 10. O-O-O e6 11. Bh6 Rb8 12. Bxg7 Kxg7 13. Na4 Qe7 14. e5 Nd7 15. f4 Qb4 16. Qd4 Qxd4 17. Rxd4 c5 18. Rd2 Rb4 19. b3 Rxf4 20. Bb5 Nxe5 21. Nxc5 Ng4 22. g3 Rf5 23. a4 Nf6 24. Re1 Rd8 25. b4 Nd7 26. Bxd7 Bxd7 27. a5 Bb5 28. Red1 h5 29. Kb2 h4 30. gxh4 Rh8 31. Rd4 Rf2 32. R1d2 Rxd2 33. Rxd2 Rxh4 34. c3 Rf4 35. Kb3 Kf6 36. Rd4 e5 37. Rd3 Bxd3 38. Nxd3 Rh4 39. Nf2 Ke6 40. h3 e4 41. c4 dxc4+ 42. Kc3 e3 43. Ng4 Rxh3 44. Kxc4 Rh4 45. Kd3 Rxg4 46. Kxe3 Rxb4 47. Kd3 Ra4 48. Kc3 Rxa5 49. Kd3 Rf5 50. Ke4 g5 51. Ke3 g4 52. Ke2 g3 53. Ke3 g2 54. Ke4 g1=Q 55. Kd3 Qb1+ 56. Kd4 a5 57. Kc3 a4 58. Kc4 a3 59. Kc3 a2 60. Kc4 Qb8 61. Kd3 a1=Q 62. Ke4 Re5+ 63. Kd3 f5 64. Kc4 f4 65. Kd3 f3 66. Kd2 f2 67. Kc2 f1=Q 68. Kd2 Rd5+ 69. Kc2 Qc4# 0-1

[Event "FISU World University-ch 2020"]
[Site "Online"]
[Date "2020.10.26"]
[Round "4.29"]
[White "Sanchez Sandoval, Gonzalo"]
[Black "Ng, Jun Jie"]
[Result "1-0"]
[WhiteElo "2358"]
[BlackElo "1171"]
[Annotator "TA"]
[PlyCount "79"]
[EventDate "2020.10.26"]
[SourceTitle "playchess.com"]
[Source "ChessBase"]
[SourceQuality "1"]

1. e4 e5 2. Nf3 Nf6 3. d3 Nc6 4. Be2 Bc5 5. O-O d6 6. c3 h6 7. a4 a5 8. Nbd2 O-O 9. Nc4 Be6 10. d4 Bxc4 11. Bxc4 exd4 12. cxd4 Bb4 13. e5 dxe5 14. dxe5 Ng4 15. e6 fxe6 16. Bxe6+ Kh8 17. Qxd8 Raxd8 18. Bxg4 Nd4 19. Nxd4 Rxd4 20. Bf3 c6 21. Be3 Rd6 22. Rfd1 Rg6 23. Kf1 Bd6 24. h4 Be5 25. Bd4 Bf4 26. Bc3 b6 27. Rd7 c5 28. Rad1 Kg8 29. Rd8 Bc7 30. Rxf8+ Kxf8 31. Rd7 Bd6 32. h5 Ke8 33. hxg6 Kxd7 34. Bxg7 Bf4 35. Bc3 Ke6 36. g7 Kf7 37. Bd5+ Kg6 38. g8=Q+ Kh5 39. Bf3+ Kh4 40. Qg4# 1-0

[Event "FISU World University-ch 2020"]
[Site "Online"]
[Date "2020.10.26"]
[Round "4.30"]
[White "Gamage, Chathulanka"]
[Black "Lovo, Nicolas"]
[Result "1-0"]
[WhiteElo "1895"]
[BlackElo "1756"]
[Annotator "NA RC"]
[PlyCount "75"]
[EventDate "2020.10.26"]
[SourceTitle "playchess.com"]
[Source "ChessBase"]
[SourceQuality "1"]

1. e4 c5 2. Ne2 Nc6 3. g3 g6 4. Bg2 Bg7 5. c3 e5 6. O-O Nge7 7. Na3 d5 8. d3 O-O 9. Nc2 d4 10. c4 f5 11. a3 a5 12. Rb1 Qc7 13. f4 Be6 14. b4 axb4 15. axb4 cxb4 16. Nxb4 Nxb4 17. Rxb4 Nc6 18. Rb1 Ra2 19. fxe5 Bxe5 20. Nf4 Bc8 21. Qb3 Qa5 22. Nd5 Bd6 23. c5 Bxc5 24. Nb4+ Kg7 25. Nxa2 Re8 26. exf5 Bxf5 27. Qxb7+ Ne7 28. Rb5 Qxa2 29. Rxc5 Qe2 30. Rcxf5 gxf5 31. Qd7 Kf8 32. Bh6+ Kf7 33. Bd5+ Kg6 34. Qxe8+ Kxh6 35. Qf8+ Kg5 36. Qg7+ Ng6 37. h4+ Kg4 38. Bf3+ 1-0

[Event "FISU World University-ch 2020"]
[Site "Online"]
[Date "2020.10.26"]
[Round "4.30"]
[White "Chandula, E D S"]
[Black "Mejia Varela, Fernando Alexis"]
[Result "0-1"]
[WhiteElo "1661"]
[BlackElo "1614"]
[Annotator "NA RC"]
[PlyCount "64"]
[EventDate "2020.10.26"]
[SourceTitle "playchess.com"]
[Source "ChessBase"]
[SourceQuality "1"]

1. b3 Nf6 2. Bb2 e6 3. e3 b6 4. f4 d5 5. Nf3 Bb7 6. Be2 c5 7. O-O Bd6 8. Qe1 O-O 9. d3 Nbd7 10. Nbd2 Qc7 11. Qh4 Rac8 12. Ng5 h6 13. Ngf3 Rfe8 14. g4 e5 15. g5 exf4 16. gxf6 fxe3 17. Nb1 d4 18. fxg7 Re6 19. Kh1 Ne5 20. Na3 a6 21. Rae1 Rg6 22. Nc4 Ng4 23. Nxd6 Qxd6 24. c3 Re8 25. cxd4 cxd4 26. Rc1 Qf4 27. Qh3 Nf2+ 28. Rxf2 exf2 29. Rc2 Rxe2 30. Rc8+ Bxc8 31. Qxc8+ Kxg7 32. Bxd4+ Qxd4 0-1

[Event "FISU World University-ch 2020"]
[Site "Online"]
[Date "2020.10.26"]
[Round "4.30"]
[White "Garcia, Andrea Nicole"]
[Black "Jayaweera, C L"]
[Result "0-1"]
[WhiteElo "1654"]
[BlackElo "1781"]
[Annotator "NA RC"]
[PlyCount "98"]
[EventDate "2020.10.26"]
[SourceTitle "playchess.com"]
[Source "ChessBase"]
[SourceQuality "1"]

1. e4 c5 2. Nc3 e6 3. d3 Nc6 4. g3 d5 5. exd5 exd5 6. Bg2 Nf6 7. Nge2 Be7 8. Nf4 Be6 9. Nxe6 fxe6 10. O-O O-O 11. Re1 e5 12. Bg5 d4 13. Nb1 h6 14. Bc1 Bd6 15. Nd2 Qd7 16. Ne4 Rae8 17. Nxf6+ Rxf6 18. Qh5 Ref8 19. Rf1 Qf7 20. Qxf7+ Kxf7 21. c3 Kg8 22. Bd2 Bc7 23. b4 dxc3 24. Bxc3 cxb4 25. Bxc6 bxc3 26. Bd5+ Kh8 27. Rac1 Bb6 28. Kg2 Rxf2+ 29. Rxf2 Rxf2+ 30. Kh3 Bd4 31. Bxb7 g5 32. Bd5 Kg7 33. Bc4 Kf6 34. g4 Kg6 35. Kg3 Rb2 36. h4 gxh4+ 37. Kxh4 a5 38. Kh3 a4 39. Kg3 Re2 40. Kf3 Rf2+ 41. Kg3 Rb2 42. Kf3 Kg5 43. Kg3 Re2 44. Kf3 Re3+ 45. Kg2 Kxg4 46. Kh2 Re2+ 47. Kh1 Kg3 48. Rg1+ Bxg1 49. Kxg1 Re1# 0-1

[Event "FISU World University-ch 2020"]
[Site "Online"]
[Date "2020.10.26"]
[Round "4.31"]
[White "Palu, Andres"]
[Black "Cilento, Lucas Geraldo"]
[Result "1-0"]
[WhiteElo "2068"]
[BlackElo "1952"]
[Annotator "TA"]
[PlyCount "43"]
[EventDate "2020.10.26"]
[SourceTitle "playchess.com"]
[Source "ChessBase"]
[SourceQuality "1"]

1. e4 c5 2. Nc3 Nc6 3. f4 e6 4. Nf3 d5 5. Bb5 Nge7 6. O-O d4 7. Ne2 a6 8. Bxc6+ Nxc6 9. d3 g6 10. Ng3 Bg7 11. f5 O-O 12. fxg6 hxg6 13. Bg5 Qc7 14. Qd2 e5 15. Bh6 Be6 16. Nh4 Ne7 17. Bxg7 Kxg7 18. Qg5 f6 19. Nh5+ Kh7 20. Rxf6 Rxf6 21. Nxf6+ Kg7 22. Rf1 1-0

[Event "FISU World University-ch 2020"]
[Site "Online"]
[Date "2020.10.26"]
[Round "4.31"]
[White "Frankental, David"]
[Black "A_____, E____________"]
[Result "1/2-1/2"]
[WhiteElo "1938"]
[BlackElo "1767"]
[Annotator "TA"]
[PlyCount "77"]
[EventDate "2020.10.26"]
[SourceTitle "playchess.com"]
[Source "ChessBase"]
[SourceQuality "1"]

1. d4 e6 2. c4 d5 3. Nf3 Nf6 4. Nc3 Be7 5. g3 Nbd7 6. Bg2 O-O 7. O-O c6 8. Qc2 Re8 9. e4 dxe4 10. Nxe4 Nxe4 11. Qxe4 Nf6 12. Qc2 c5 13. Rd1 cxd4 14. Nxd4 Qb6 15. b3 Bd7 16. Bb2 Rad8 17. Qe2 a6 18. Nf3 Bc6 19. Ne5 Bxg2 20. Kxg2 Rxd1 21. Rxd1 Rd8 22. Rxd8+ Qxd8 23. Ng4 Nxg4 24. Qxg4 Bf6 25. Bxf6 Qxf6 26. Qf3 Qe7 27. Qc3 Qd7 28. Qe5 h6 29. Qc5 g6 30. b4 b5 31. cxb5 axb5 32. a4 Qb7+ 33. f3 bxa4 34. Qa5 Qc6 35. b5 Qc2+ 36. Kh3 Qf5+ 37. Kg2 a3 38. Qxa3 Qxb5 39. Qa2 1/2-1/2

[Event "FISU World University-ch 2020"]
[Site "Online"]
[Date "2020.10.26"]
[Round "4.32"]
[White "Alharari, Mohammed Alsouri"]
[Black "Aravena Navarro, Alexis Andres"]
[Result "1-0"]
[WhiteElo "2018"]
[BlackElo "1937"]
[Annotator "TA"]
[PlyCount "65"]
[EventDate "2020.10.26"]
[SourceTitle "playchess.com"]
[Source "ChessBase"]
[SourceQuality "1"]

1. d4 Nf6 2. Nf3 g6 3. Bf4 Bg7 4. e3 O-O 5. h3 d6 6. Be2 b6 7. O-O Bb7 8. Nbd2 Nbd7 9. c3 Qe8 10. Nc4 Ne4 11. Qc2 e5 12. dxe5 dxe5 13. Bh2 Qe7 14. Rad1 Rad8 15. b4 f5 16. Nfd2 Qg5 17. Nf3 Qe7 18. Qb3 Kh8 19. a3 g5 20. Nfd2 f4 21. Nxe4 Bxe4 22. Bg4 f3 23. Rxd7 Rxd7 24. Bxd7 Qxd7 25. Nxe5 Qf5 26. g4 Qf6 27. Rd1 h5 28. Rd7 Qh6 29. Nf7+ Rxf7 30. Qxf7 hxg4 31. hxg4 Bg6 32. Rd8+ Kh7 33. Qg8# 1-0

[Event "FISU World University-ch 2020"]
[Site "Online"]
[Date "2020.10.26"]
[Round "4.32"]
[White "Ruiz Olate, Emily Andrea"]
[Black "Engaitah, Abdalsalam A."]
[Result "1-0"]
[WhiteElo "1866"]
[BlackElo "1944"]
[Annotator "TA"]
[PlyCount "147"]
[EventDate "2020.10.26"]
[SourceTitle "playchess.com"]
[Source "ChessBase"]
[SourceQuality "1"]

1. e4 d5 2. exd5 Qxd5 3. Nc3 Qd8 4. h3 Nf6 5. Nf3 b6 6. Bb5+ c6 7. Bc4 e6 8. O-O Be7 9. d3 O-O 10. Bf4 Bb7 11. Qe2 c5 12. Rfe1 Nd5 13. Qe4 Bf6 14. Bxd5 exd5 15. Qf5 g6 16. Qg4 Nc6 17. Rab1 h5 18. Qg3 h4 19. Qh2 Qd7 20. Ne5 Nxe5 21. Bxe5 Qf5 22. Bxf6 Qxf6 23. Qc7 Rab8 24. Re7 Rfc8 25. Qe5 Qxe5 26. Rxe5 Re8 27. Rbe1 Kf8 28. Nb5 Rxe5 29. Rxe5 a6 30. Nc3 Rd8 31. Na4 Rd6 32. Rg5 f5 33. g3 hxg3 34. Rxg3 d4 35. h4 Re6 36. Kf1 Kf7 37. f3 Bc8 38. b3 Kf6 39. Kf2 Bb7 40. Rg1 Rc6 41. Re1 b5 42. Nb2 f4 43. a4 Rc7 44. axb5 axb5 45. Re8 Rh7 46. Rb8 Ke6 47. Rg8 Kd5 48. Rxg6 Rxh4 49. Rg5+ Kd6 50. Rg6+ Kc7 51. Kg2 Bc8 52. Nd1 Bh3+ 53. Kg1 Rh5 54. Nf2 Bf5 55. Rg7+ Kb6 56. Ne4 Bxe4 57. fxe4 Ka5 58. Rg4 Kb4 59. Rxf4 Kc3 60. Rf5 Rxf5 61. exf5 Kxc2 62. f6 c4 63. bxc4 b4 64. f7 b3 65. f8=Q b2 66. Qf2+ Kc1 67. Qf1+ Kc2 68. c5 b1=Q 69. Qxb1+ Kxb1 70. c6 Kc2 71. c7 Kxd3 72. c8=Q Kd2 73. Kf2 d3 74. Qc4 1-0

[Event "FISU World University-ch 2020"]
[Site "Online"]
[Date "2020.10.26"]
[Round "4.32"]
[White "Carrasco Norero, Felipe"]
[Black "Alfaitori, Abdallah"]
[Result "0-1"]
[WhiteElo "1641"]
[BlackElo "1918"]
[Annotator "TA"]
[PlyCount "84"]
[EventDate "2020.10.26"]
[SourceTitle "playchess.com"]
[Source "ChessBase"]
[SourceQuality "1"]

1. e4 e6 2. d4 d5 3. e5 c5 4. c3 Nc6 5. Nf3 Bd7 6. Bd3 Qb6 7. O-O cxd4 8. cxd4 Nxd4 9. Nbd2 Nxf3+ 10. Nxf3 Ne7 11. Be3 Qc7 12. Rc1 Nc6 13. Bb5 a6 14. Ba4 b5 15. Bb3 Rc8 16. a3 Qb8 17. Rc2 Nxe5 18. Bf4 Nxf3+ 19. Qxf3 Bd6 20. Bxd6 Qxd6 21. Re1 O-O 22. Qh5 Rxc2 23. Bxc2 g6 24. Qg5 f6 25. Qh6 Qe7 26. h4 Qg7 27. Qe3 Rc8 28. Bb1 e5 29. Qb6 Qe7 30. g3 Qe6 31. Kh2 Qxb6 32. Re2 Rc1 33. Ba2 Kg7 34. Bxd5 Qd4 35. Bg2 Qd1 36. g4 Bxg4 37. h5 Qxe2 38. h6+ Kxh6 39. Kg3 Rc2 40. b4 Qxf2+ 41. Kxg4 Qxg2+ 42. Kh4 Rc4# 0-1

[Event "FISU World University-ch 2020"]
[Site "Online"]
[Date "2020.10.26"]
[Round "4.32"]
[White "Abdulgader, Amira"]
[Black "Gallardo Ramirez, Ricardo Manuel"]
[Result "0-1"]
[WhiteElo "1484"]
[BlackElo "1681"]
[Annotator "NA RC"]
[PlyCount "88"]
[EventDate "2020.10.26"]
[SourceTitle "playchess.com"]
[Source "ChessBase"]
[SourceQuality "1"]

1. d4 b6 2. e4 e6 3. Nc3 Bb7 4. Bd3 c5 5. Be3 cxd4 6. Bxd4 Nc6 7. Be3 Nf6 8. Nge2 Be7 9. O-O O-O 10. f4 Ng4 11. Qd2 Nxe3 12. Rf3 Ng4 13. Rg3 Bc5+ 14. Kf1 Nxh2+ 15. Ke1 Qh4 16. a3 Nf1 17. Kxf1 Qh1+ 18. Ng1 Qxg1+ 19. Ke2 Qf2+ 20. Kd1 Qxg3 21. b4 Be3 22. Qe2 Nd4 23. Qf1 Rac8 24. Ne2 Nxe2 25. Qxe2 Bxf4 26. Qf3 Qxf3+ 27. gxf3 d5 28. Ke2 dxe4 29. fxe4 f5 30. exf5 exf5 31. Rf1 Rfe8+ 32. Kd1 Bh6 33. Rxf5 Be4 34. Bxe4 Rxe4 35. Rd5 Rce8 36. c3 Re2 37. c4 Ra2 38. Rd3 Rf8 39. Ke1 Rff2 40. Rd8+ Kf7 41. Rd7+ Ke6 42. Rxa7 Rae2+ 43. Kd1 Rd2+ 44. Ke1 Rh2 0-1

[Event "FISU World University-ch 2020"]
[Site "Online"]
[Date "2020.10.26"]
[Round "4.33"]
[White "Flores, Fernando"]
[Black "Muhseen Abdullah Mohammed"]
[Result "1-0"]
[WhiteElo "1943"]
[BlackElo "2200"]
[Annotator "TA"]
[PlyCount "83"]
[EventDate "2020.10.26"]
[SourceTitle "playchess.com"]
[Source "ChessBase"]
[SourceQuality "1"]

1. Nf3 d5 2. g3 Nf6 3. Bg2 c6 4. O-O Bg4 5. h3 Bh5 6. d3 h6 7. b3 Bxf3 8. Bxf3 e5 9. Bb2 Bd6 10. e4 d4 11. Bg2 Na6 12. Nd2 O-O 13. f4 exf4 14. gxf4 Bc5 15. a3 Nc7 16. b4 Bb6 17. Nc4 Nb5 18. Qf3 a5 19. Kh1 axb4 20. axb4 Rxa1 21. Rxa1 Bc7 22. Na3 Nxa3 23. Bxa3 b6 24. b5 c5 25. e5 Nh7 26. Bc1 f5 27. Ra7 Re8 28. Qd5+ Qxd5 29. Bxd5+ Kh8 30. Rxc7 Nf8 31. Rb7 Ra8 32. Bb2 Ra2 33. Bxa2 Ng6 34. Bc1 Nh4 35. Bd5 g5 36. fxg5 hxg5 37. Bxg5 Ng6 38. Rxb6 Nxe5 39. Bf6+ Kh7 40. Bxe5 f4 41. Be4+ Kg8 42. Bg6 1-0

[Event "FISU World University-ch 2020"]
[Site "Online"]
[Date "2020.10.26"]
[Round "4.34"]
[White "Isakzhanov, Kelsinbek"]
[Black "Jayaweera, K P C D B"]
[Result "0-1"]
[WhiteElo "2070"]
[BlackElo "1576"]
[Annotator "TA"]
[PlyCount "138"]
[EventDate "2020.10.26"]
[SourceTitle "playchess.com"]
[Source "ChessBase"]
[SourceQuality "1"]

1. d4 Nf6 2. c4 e6 3. Nc3 Bb4 4. e3 c5 5. Nf3 Bxc3+ 6. bxc3 O-O 7. Be2 d6 8. O-O Nc6 9. h3 e5 10. a4 Re8 11. Ne1 exd4 12. cxd4 cxd4 13. exd4 Nxd4 14. Qxd4 Rxe2 15. Be3 Be6 16. Qd3 Rb2 17. Qc3 Re2 18. Nf3 Rc8 19. Nd4 Bxc4 20. Rfc1 Rxe3 21. Qxe3 d5 22. Nf5 Rc7 23. Re1 b6 24. Qg3 g6 25. Qg5 h5 26. Rad1 Rd7 27. Rd4 Ne4 28. Qxd8+ Rxd8 29. Ne7+ Kf8 30. Rexe4 dxe4 31. Rxd8+ Kxe7 32. Ra8 a6 33. f3 exf3 34. gxf3 Kd6 35. Kf2 Kc5 36. Rc8+ Kb4 37. Rc6 b5 38. axb5 axb5 39. Ke3 Kc3 40. Rb6 b4 41. Kf4 b3 42. Kg5 b2 43. Rxb2 Kxb2 44. f4 Be6 45. h4 Kc3 46. Kf6 Kd4 47. Kg5 Ke4 48. f5 Bxf5 49. Kh6 Kf3 50. Kg5 Kg3 51. Kf6 Kxh4 52. Ke5 Bc8 53. Kf4 g5+ 54. Kf3 Kh3 55. Kf2 Kh2 56. Kf3 Bb7+ 57. Kf2 g4 58. Ke3 g3 59. Kf4 g2 60. Kf5 g1=Q 61. Kf4 Qg4+ 62. Ke3 Bd5 63. Kf2 Qf3+ 64. Ke1 Qg2 65. Kd1 Kg3 66. Ke1 h4 67. Kd1 h3 68. Ke1 h2 69. Kd1 h1=R# 0-1

[Event "FISU World University-ch 2020"]
[Site "Online"]
[Date "2020.10.26"]
[Round "4.34"]
[White "Abylkasymov, Kairatbek"]
[Black "De Silva, Shelani"]
[Result "1-0"]
[WhiteElo "1827"]
[BlackElo "1511"]
[Annotator "NA RC"]
[PlyCount "97"]
[EventDate "2020.10.26"]
[SourceTitle "playchess.com"]
[Source "ChessBase"]
[SourceQuality "1"]

1. e4 c5 2. c3 d5 3. exd5 Qxd5 4. d4 cxd4 5. cxd4 Nc6 6. Nf3 Bg4 7. Nc3 Qa5 8. d5 Ne5 9. Bb5+ Nd7 10. O-O Ngf6 11. h3 Bh5 12. Bg5 a6 13. Ba4 Rd8 14. g4 Bg6 15. Ne5 h5 16. Bxf6 gxf6 17. Bxd7+ Rxd7 18. Nxd7 Kxd7 19. Qa4+ Qxa4 20. Nxa4 hxg4 21. hxg4 Be4 22. Nc5+ Kd6 23. Nxe4+ Kxd5 24. Nc3+ Kc6 25. Rad1 Bh6 26. Kg2 Bf4 27. Rh1 Rg8 28. f3 f5 29. Kf2 fxg4 30. fxg4 Bd6 31. Kf3 f6 32. Ne4 Be5 33. b3 b5 34. Rh7 Bd6 35. Nxd6 exd6 36. Rf7 Rg6 37. Re7 Rh6 38. Re6 Rh2 39. Rdxd6+ Kc5 40. Rxa6 Kb4 41. Rxf6 Kc3 42. Kg3 Rd2 43. Rac6+ Kb4 44. Rf4+ Ka3 45. Ra6+ Kb2 46. Rf2 Rxf2 47. Kxf2 b4 48. g5 Ka1 49. g6 1-0

[Event "FISU World University-ch 2020"]
[Site "Online"]
[Date "2020.10.26"]
[Round "4.34"]
[White "Herath, H M A Y"]
[Black "Sharshembiev, Adil"]
[Result "0-1"]
[WhiteElo "1555"]
[BlackElo "1845"]
[Annotator "NA RC"]
[PlyCount "66"]
[EventDate "2020.10.26"]
[SourceTitle "playchess.com"]
[Source "ChessBase"]
[SourceQuality "1"]

1. e4 c5 2. c3 d5 3. exd5 Qxd5 4. d4 cxd4 5. cxd4 Nc6 6. Nf3 Bg4 7. Be2 e6 8. Nc3 Bb4 9. O-O Qa5 10. Bd2 Nf6 11. a3 Bxc3 12. Bxc3 Qd5 13. Qa4 O-O 14. h3 Bh5 15. Rfe1 Rfd8 16. Rad1 Qd7 17. Qc2 Bg6 18. Qb3 Nd5 19. Ne5 Qe7 20. Nxc6 bxc6 21. Bf3 Rab8 22. Qc4 Qd6 23. Ba5 Rdc8 24. Rd2 Rb5 25. Bc3 h5 26. Rde2 Nf4 27. Re3 h4 28. Rd1 Rg5 29. Re5 Bf5 30. Rc5 Nxh3+ 31. Kf1 Qh2 32. Rxc6 Qg1+ 33. Ke2 Qxf2# 0-1

[Event "FISU World University-ch 2020"]
[Site "Online"]
[Date "2020.10.26"]
[Round "4.34"]
[White "Gamage, Yasasmi Umarusiru"]
[Black "Usupbekova, Zarina"]
[Result "0-1"]
[WhiteElo "1271"]
[BlackElo "1573"]
[Annotator "NA RC"]
[PlyCount "96"]
[EventDate "2020.10.26"]
[SourceTitle "playchess.com"]
[Source "ChessBase"]
[SourceQuality "1"]

1. e4 c5 2. c3 e6 3. d4 cxd4 4. cxd4 d6 5. Nf3 Nf6 6. Nc3 Be7 7. Bd3 a6 8. Be3 b6 9. Qb3 Nbd7 10. h3 h6 11. e5 dxe5 12. dxe5 Ng8 13. Ne4 Bb7 14. O-O Bd5 15. Qd1 Qb8 16. Bf4 Bc5 17. Re1 Ne7 18. Nd6+ Bxd6 19. exd6 Nc6 20. Bc2 O-O 21. Qd3 Nf6 22. Ne5 Nb4 23. Qd2 Nxc2 24. Qxc2 Qb7 25. f3 Rac8 26. Qd2 Kh7 27. Rac1 b5 28. b3 Qa7+ 29. Be3 Qb7 30. Rc2 Nd7 31. Ng4 Qb8 32. Bf4 Qb6+ 33. Kh1 a5 34. Qd3+ Kh8 35. Be3 Qxd6 36. Rec1 Rxc2 37. Rxc2 b4 38. Qb5 Bxf3 39. Rd2 Bd5 40. Qxa5 Qg3 41. Qxb4 h5 42. Nh2 Qxe3 43. Rd1 Qxh3 44. Rg1 Rc8 45. Qd6 Bxg2+ 46. Rxg2 Rc1+ 47. Rg1 Rc2 48. a4 e5 0-1

[Event "FISU World University-ch 2020"]
[Site "Online"]
[Date "2020.10.26"]
[Round "4.36"]
[White "Acosta, Pablo Ismael"]
[Black "Tapia Alvarez, Alejandro"]
[Result "0-1"]
[WhiteElo "2465"]
[BlackElo "1450"]
[Annotator "TA"]
[PlyCount "60"]
[EventDate "2020.10.26"]
[SourceTitle "playchess.com"]
[Source "ChessBase"]
[SourceQuality "1"]

1. d4 d5 2. c4 Nf6 3. Nf3 e6 4. Nc3 c5 5. cxd5 Nxd5 6. e4 Nxc3 7. bxc3 cxd4 8. cxd4 Be7 9. Bd3 O-O 10. O-O Nc6 11. Be3 b6 12. Rc1 Bb7 13. Qa4 Rc8 14. Ba6 Bxa6 15. Qxa6 Qd7 16. Qa4 Rfd8 17. Rfd1 Qb7 18. d5 exd5 19. exd5 Nb4 20. d6 Bxd6 21. Rxc8 Qxc8 22. g3 Qc7 23. a3 Nc2 24. Bg5 Rc8 25. Nh4 h6 26. Nf5 Bxa3 27. Bxh6 gxh6 28. Qg4+ Kf8 29. Qg7+ Ke8 30. Qf8+ Bxf8 0-1

[Event "FISU World University-ch 2020"]
[Site "Online"]
[Date "2020.10.26"]
[Round "4.36"]
[White "Ramirez, Melanie"]
[Black "Castro Richard, Ixel"]
[Result "1-0"]
[WhiteElo "1522"]
[BlackElo "1216"]
[Annotator "NA RC"]
[PlyCount "145"]
[EventDate "2020.10.26"]
[SourceTitle "playchess.com"]
[Source "ChessBase"]
[SourceQuality "1"]

1. d4 d5 2. Bf4 Nf6 3. Nf3 e6 4. e3 b6 5. Bd3 Nbd7 6. O-O Bb7 7. h3 c5 8. c3 Be7 9. Nbd2 Ne4 10. Ne5 Nd6 11. Bh2 O-O 12. f4 Nf6 13. g4 Nfe4 14. g5 cxd4 15. exd4 Rc8 16. Qe2 f5 17. Rf3 g6 18. h4 Nf7 19. Rh3 Nxe5 20. fxe5 Kg7 21. Rf1 Rf7 22. Rff3 Bxg5 23. hxg5 Nxg5 24. Bf4 Nxf3+ 25. Qxf3 Kf8 26. Bh6+ Kg8 27. Qf4 Rcc7 28. Bg5 Qe8 29. Nf3 Qa4 30. Bf6 Qe8 31. Ng5 Rfd7 32. Qh4 a6 33. Qh6 Qf8 34. Qxf8+ Kxf8 35. Nxe6+ Kg8 36. Nxc7 Rxc7 37. Rg3 Kf7 38. Rh3 Kg8 39. Kf2 Bc8 40. Kg3 b5 41. Rh4 Rd7 42. Kf4 Rc7 43. Kg5 Rb7 44. Rh2 Rc7 45. Kh6 Rb7 46. Rg2 Ra7 47. Be2 Rc7 48. Bh5 f4 49. Bg4 Bb7 50. Kg5 Kf7 51. Rh2 Ke8 52. Kxf4 Rf7 53. Kg5 Rc7 54. Be2 Bc6 55. Bd3 Bd7 56. Rf2 Be6 57. Kh6 Rf7 58. Rf4 Kf8 59. Bg7+ Kg8 60. Rxf7 Bxf7 61. Bf6 Be6 62. b3 Bc8 63. Bd8 Be6 64. Ba5 Bc8 65. a4 bxa4 66. bxa4 Kh8 67. Bc2 Kg8 68. Bb3 Be6 69. Bd8 Kh8 70. a5 Kg8 71. Bf6 Bf7 72. Ba4 Be6 73. Bc6 1-0

[Event "FISU World University-ch 2020"]
[Site "Online"]
[Date "2020.10.26"]
[Round "4.36"]
[White "Salas Estrada, Ana Maria"]
[Black "Pineiro, Dario"]
[Result "0-1"]
[WhiteElo "1270"]
[BlackElo "2190"]
[Annotator "TA"]
[PlyCount "50"]
[EventDate "2020.10.26"]
[SourceTitle "playchess.com"]
[Source "ChessBase"]
[SourceQuality "1"]

1. e4 c5 2. Nf3 e6 3. d4 cxd4 4. Nxd4 a6 5. Bc4 b5 6. Bb3 Bb7 7. f3 Qc7 8. Nc3 Nf6 9. Be3 b4 10. Nb1 d5 11. exd5 Nxd5 12. Bf2 Bc5 13. c3 O-O 14. Qd2 Nd7 15. O-O N7f6 16. a3 bxc3 17. Nxc3 Rfd8 18. Rfd1 e5 19. Nf5 Ne3 20. Qc1 Nxf5 21. Re1 Bxf2+ 22. Kxf2 Qb6+ 23. Kf1 Qxb3 24. Ne2 Ne3+ 25. Kg1 Nc2 0-1

[Event "FISU World University-ch 2020"]
[Site "Online"]
[Date "2020.10.26"]
[Round "4.37"]
[White "Sole, Michael D"]
[Black "Alrehaili, Ahmed Abdullah S"]
[Result "1-0"]
[WhiteElo "1805"]
[BlackElo "1980"]
[Annotator "TA"]
[PlyCount "59"]
[EventDate "2020.10.26"]
[SourceTitle "playchess.com"]
[Source "ChessBase"]
[SourceQuality "1"]

1. d4 Nf6 2. c4 e6 3. Nf3 b6 4. g3 Bb7 5. Bg2 Bb4+ 6. Bd2 Be7 7. O-O O-O 8. Nc3 d5 9. cxd5 exd5 10. Rc1 Nbd7 11. Bf4 c6 12. Re1 Re8 13. Qc2 h6 14. h3 Rc8 15. Ne5 Nf8 16. Kh2 Ne6 17. e3 g5 18. Rg1 Bf8 19. Ne2 c5 20. Qf5 Ng7 21. Qd3 gxf4 22. gxf4 Ne4 23. f3 Nd6 24. Bh1 cxd4 25. Rxc8 Qxc8 26. Ng3 dxe3 27. Nh5 Qf5 28. Qxf5 Ndxf5 29. Nf6+ Kh8 30. Nxf7# 1-0